Solucions de gestió documental basades en OpenTEXT
Descripción Física:
1 carpeta d'anelles (76 f.) ; 32 cm
MARC
| LEADER | 00000nam a2200000Ia 4500 | ||
|---|---|---|---|
| 001 | 22431 | ||
| 008 | 160829s2002 xx 000 0 cat d | ||
| 080 | |a FOL-3-83 | ||
| 245 | |a Solucions de gestió documental basades en OpenTEXT | ||
| 260 | |a Barcelona : |b Diputació de Barcelona, TRW, |c 2002 | ||
| 300 | |a 1 carpeta d'anelles (76 f.) ; |c 32 cm | ||
| 590 | |a Curs celebrat a Barcelona, el maig de 2002 | ||
| 650 | 0 | |a Gestió dels documents |9 43349 | |
| 650 | |a Open Text |x Programes d'ordinador |9 43350 | ||
| 710 | 1 | |a Barcelona (Catalunya : Província). |b Diputació |9 52408 | |
| 901 | |a Arxiu | ||
| 942 | |n 1 | ||
| 952 | |0 0 |1 0 |4 0 |6 FOL383 |7 1 |9 51353 |a Arxiu |b Arxiu |d 2016-12-01 |l 0 |o FOL-3-83 |p 22431 |r 2016-12-01 00:00:00 |w 2016-12-01 |y ARXIU | ||
| 999 | |c 55197 |d 55197 | ||